[Event "Popayan Yeika op 1st"]
[Site "Popayan"]
[Date "2024.10.13"]
[Round "5"]
[White "Pena Gomez, Juan Esteban"]
[Black "Obando Campo, Sara Sofia"]
[Result "1-0"]
[WhiteElo "1493"]
[BlackElo "1400"]
[PlyCount "57"]
[EventDate "2024.10.11"]
[EventType "swiss"]
[EventRounds "7"]
[EventCountry "COL"]
[SourceTitle "CB43_2024"]
[Source "Chessbase"]
[SourceDate "2024.10.23"]
[SourceVersion "1"]
[SourceVersionDate "2024.10.23"]
[SourceQuality "1"]

1. e4 e5 2. Nf3 Nc6 3. d4 Bd6 4. dxe5 Bxe5 5. Qd5 h6 6. Nxe5 Nxe5 7. Qxe5+ Ne7 8. Bc4 0-0 9. b3 Nc6 10. Qc3 d6 11. Bb2 Ne5 12. f4 Qf6 13. fxe5 dxe5 14. Qxe5 Qxe5 15. Bxe5 Bd7 16. Nc3 Rae8 17. Bxc7 Bc6 18. Bd3 b5 19. Bd6 a6 20. Bxf8 Kxf8 21. 0-0 h5 22. Rae1 g6 23. e5 a5 24. e6 Bb7 25. Rxf7+ Kg8 26. Rxb7 b4 27. Nd5 a4 28. Nf6+ Kf8 29. Rf7# 1-0